| 000 | 00567nam a2200205 u 4500 | ||
|---|---|---|---|
| 005 | 20240228063949.0 | ||
| 008 | 080924s2001 r 000 0 eng d | ||
| 020 | _a8426117341 | ||
| 035 | _aUPN01000160580 | ||
| 049 | _aI | ||
| 050 | 4 |
_aPZ71 _bO9.22 2001 |
|
| 100 | 1 |
_aOxenbury, Helen, _d1938- _929786 |
|
| 245 | 1 | 0 |
_aAmigos / _cHelen Oxenbury. |
| 250 | _a5a ed. | ||
| 260 |
_aMadrid : _bJuventud, _c2001. |
||
| 300 |
_a[14] p. : _bprincipalmente il. |
||
| 440 | 4 | _aLos libros del chiquitín | |
| 650 | 4 |
_aLibros y lectura para niños _92290 |
|
| 905 | _aInfantil | ||
| 999 |
_c132693 _d132693 |
||